| 000 | 00696nam a22002177a 4500 | ||
|---|---|---|---|
| 001 | 3311 | ||
| 003 | HMS | ||
| 005 | 20260410123855.0 | ||
| 008 | 260410e2025 cl ||||frnvw| 00| 0 spa | ||
| 020 | _a9789562863629 | ||
| 040 |
_ahms _bspa _chms |
||
| 082 | 0 | 4 | _a345.8305 F224 |
| 100 | 1 |
_aFarías Soto, Cristóbal _95808 |
|
| 245 | 1 | 0 |
_aEsquemas de Derecho Penal civil : _bPara examen de grado / _cCristóbal Farías Soto _h[libro] |
| 250 | _aSegunda edición | ||
| 260 |
_aSantiago de Chile : _bEditorial Metropolitana, _c2025 |
||
| 300 |
_a684 páginas ; _c17 x 24 cm. |
||
| 500 | _aIncluye índice | ||
| 650 | 7 |
_aDerecho procesal penal _xExamen de grado _zChile _95809 |
|
| 942 |
_2ddc _cCOL GRAL _n0 |
||
| 999 |
_c3311 _d3311 |
||